LEADER 02305nam a2200385 u 4500 001 000000017494 003 CaOOAMICUS 005 20070226110118.0 008 941013s1985 be u000 u lat u 020 $a2503636228 (broché) 020 $a250363000X (série) 035 $a10408363 040 $aEFR$bita 041 0 $alat$afre 245 00$aApologiae duae :$bGozechini epistola ad Walcherum ; Burchardi, ut videtur, abbatis Bellevallis apologia de barbis /$ccurante CETEDOC, Universitas catholica Lovaniensis, Lovanii Novi. 260 $aTurnhout :$bBrepols,$c1985. 300 $a60 p. ;$c25 cm +$e5 microfiches (11 x 15 cm.) 490 1 $aCorpus Christianorum.$aContinuatio Mediaevalis ;$v62 490 1 $aInstrumenta lexicologica Latina.$aSeries A, Enumeratio formarum, concordantia formarum, index formarum a tergo ordinatarum ;$vfasc. 25 500 $aIntroduzione in francese. 600 04$aGozechinus Leodiensis,$dm. c. 1075.$tEpistola ad Walcherum$xConcordanze.$0(OLS)http://pul/subject/12292 600 04$aBurchardus,$cabate di Bellevaux,$dm. 1163$tApologia de barbis$xConcordanze.$0(OLS)http://pul/subject/12293 700 0 $aGozechinus Leodiensis,$dm. c. 1075$tEpistola ad Walcherum.$0(OLS)http://pul/name/15731 700 0 $aBurchardus,$cabate di Bellevaux,$dm. 1163$tApologia de barbis.$0(OLS)http://pul/name/15732 710 2 $aUniversité catholique de Louvain (1970- ).$0(OLS)http://pul/name/7299 710 2 $aCETEDOC.$0(OLS)http://pul/name/21 830 0$aInstrumenta lexicologica Latina.$nSeries A,$pEnumeratio formarum, concordantia formarum, index formarum a tergo ordinatarum ;$vfasc. 25.$0(OLS)http://pul/title/23 830 0$aCorpus Christianorum.$pContinuatio Mediaevalis ;$v62.$0(OLS)http://pul/title/6 850 $aPUL 852 $aPUL$W1$xSospeso Lavorazione$y8$m87568$j24647$nBK-PRI$b $qStampati$B24647$CPULBib$Z2$F24647 $HPUL87568 $81 941 1 $a8 996 $6020$a2503636228 (broché)$9(OLS)http://pul/number/22533 996 $6020$a250363000X (série)$9(OLS)http://pul/number/22534 996 $6245$aApologiae duae :$bGozechini epistola ad Walcherum ; Burchardi, ut videtur, abbatis Bellevallis apologia de barbis$9(OLS)http://pul/title/25036 996 $6260$aTurnhout :$bBrepols$9(OLS)http://pul/publisher/47850 LEADER 01414nam a2200289 u 4500 001 000000053861 003 CaOOAMICUS 005 20070226115616.0 008 001123s1953 it u000 u ita u 035 $a10862146 040 $aBAV$bita 041 1 $aita$heng 100 1 $aRussell, Bertrand,$d1872-1970.$0(OLS)http://pul/name/15334 240 10$aHistory of Western philosophy and its connection with political and social circumstances from the earliest times to the Present day.$lItaliano.$0(OLS)http://pul/title/72243 245 10$aStoria della filosofia occidentale :$be dei suoi rapporti con le vicende politiche e sociali dell'antichità ad oggi /$cdi Bertrand Russell. 260 $aMilano :$bLonganesi & c.,$c1953. 300 $a1281 p. ;$c19 cm 490 1 $aIl labirinto ;$v4-6 500 $a"Volume unico". 650 4$aFilosofia$xStoria.$0(OLS)http://pul/subject/580 830 3$aIl labirinto (Longanesi) ;$v4-6.$0(OLS)http://pul/title/20375 850 $aPUL 852 $aPUL$W1$xDP1 Fondo Giannini$y60$m1554 C 16$j70999$nBK-PRI$b $qFondi$B70999$CPULBib$Z2$F70999 $H $81 941 1 $a1 961 $aINV: F.GIANNINI 996 $6245$aStoria della filosofia occidentale :$be dei suoi rapporti con le vicende politiche e sociali dell'antichità ad oggi$9(OLS)http://pul/title/72244 996 $6260$aMilano :$bLonganesi & c.$9(OLS)http://pul/publisher/76770